La profetisa / (Registro nro. 2808)
[ vista simple ]
| 000 -LEADER | |
|---|---|
| fixed length control field | 01275nam a2200205 a 4500 |
| 008 - CAMPO DE CONTROL (LIBRO) | |
| fixed length control field | 180528e2010 ag ||||g |||| 00| f spa d |
| 020 ## - INTERNATIONAL STANDARD BOOK NUMBER | |
| ISBN | 9789875665521 |
| 041 ## - CODIGO DE IDIOMA | |
| Código de idioma del texto/pista de sonido o título separado | spa |
| 092 ## - SIGNATURA TOPOGRAFICA DEWEY LOCAL | |
| número de clasificación | 808 |
| libristica | 95 |
| sección | WOO |
| 100 1# - ENTRADA PRINCIPAL--NOMBRE PERSONAL | |
| Nombre personal | Wood, Barbara |
| 9 (RLIN) | 3933 |
| 245 #3 - TITULO PROPIAMENTE DICHO | |
| Título | La profetisa / |
| Mención de responsabilidad y remanente de la transcripción de la portada | Barbara Wood |
| 250 ## - MENCION DE EDICION | |
| Mención de edición | 1a ed. |
| 260 ## - PIE DE IMPRENTA | |
| Lugar de publicación, distribución, etc | Buenos Aires: |
| Nombre de la editorial, distribuidor, etc | Debolsillo; |
| Fecha de publicación | 2010. |
| 300 ## - DESCRIPCION FISICA | |
| Extension | 407 p. |
| 500 ## - NOTA GENERAL | |
| Nota general | Wood, B. (2010). La profetisa. (1a ed.). Buenos Aires : Debolsillo. |
| 505 ## - NOTA DE CONTENIDO | |
| Nota de contenido formateada | A las puertas del nuevo milenio, la arqueóloga Catherine Alexander descubre en el Sinaí seis papiros escritos en el siglo I d.C, en los que se menciona el nombre de Jesús y que contiene unas revelaciones inquietantes, de un valor histórico y espiritual incalculable. Pronto se propaga la noticia del hallazgo, y desde ese mismo momento a Catherine no le quedará otro remedio que huir. Con la ayuda de otro arqueólogo y de un sacerdote con el que establece una ambigua relación, emprenderá una carrera contrarreloj para tratar de preservar los manuscritos de la codicia de gobiernos, coleccionistas sin escrúpulos y la propia iglesia, que ve temblar sus propios fundamentos. |
| 590 ## - NOTAS LOCALES (RLIN) | |
| Nota local | Proyecto 4to libro. Donación Victoria Lara, mayo 2018 |
| 655 ## - MATERIA - GENERO/FORMA | |
| Género/Forma | Literatura |
| -- | 2917 |
| 942 ## - ADDED ENTRY ELEMENTS (KOHA) | |
| Source of classification or shelving scheme | Dewey Decimal Classification |
| Item type | LITERATURA |
| Estado de retiro | Existencia | Fuente de clasificación | Estado general | No para prestamo | Colección | Ubicación permanente | ubicación actual | Sala de ubicación | Fecha de adquisición | Fuente de adquisición | Total Checkouts | Número de clasificación | Código de barras | Date last seen | Número de ejemplar | Price effective from | Koha tipo de elemento (item) | Public note |
|---|---|---|---|---|---|---|---|---|---|---|---|---|---|---|---|---|---|---|
| Dewey Decimal Classification | Fiction | Biblioteca Medicina | Biblioteca Medicina | Circulación | 28/05/2018 | Donacion | 808 95 WOO | 4268 | 28/05/2018 | Ej. 1 | 28/05/2018 | LITERATURA | Proyecto 4to libro. Donación Victoria Lara, mayo 2018 |